Statistics for Famous People Born in Colorado

Click here to take the quiz!

General Stats

  • This quiz has been taken 30 times
  • The average score is 4 of 6

Answer Stats

Description Famous Person Birth City % Correct
Actor as Buzz Lightyear in Toy StoryTim AllenDenver
90%
2004 Presidential Democratic nomineeJohn KerryAurora
70%
Co-creator of South ParkTrey ParkerConifer
70%
Titular actor of Napoleon DynamiteJohn HederFort Collins
50%
Voice actor of Scooby Doo and FuturamaFrank WelkerDenver
50%
Actress of Bob's Burgers and Toy Story 3Kristen SchaalLongmont
40%

Score Distribution

Percentile by Number Answered

Percent of People with Each Score

Your Score History

You have not taken this quiz